| 000 | 01348cam a22003977a 4500 | ||
|---|---|---|---|
| 003 | CHAP | ||
| 005 | 20220817043846.0 | ||
| 008 | 020912d2002 mx r 00110 spa d | ||
| 010 | _a86310 | ||
| 011 | _a87282 | ||
| 020 | _a9681854500 | ||
| 035 | _a97825 | ||
| 040 | _cCHAP | ||
| 082 | 0 | 4 |
_a631 _bG87 |
| 100 | 0 | 0 |
_aGuerra E., Guillermo. _951122 |
| 245 | 1 | 3 |
_aLa planificación estratégica en el agronegocio _c/por Guillermo Guerra Espinal y Alfredo Aguilar Valdés |
| 260 |
_aMéxico, D.F. ; _bLIMUSA. _c2002. |
||
| 300 | _a144 p. | ||
| 590 |
_aBATCH-UPD _b10 _c20130110 _lUCH01 _h0100 |
||
| 590 |
_aBATCH-UPD _b10 _c20130110 _lUCH01 _h1257 |
||
| 590 |
_aBATCH-UPD _b10 _c20130409 _lUCH01 _h2049 |
||
| 590 |
_aBATCH-UPD _b10 _c20130410 _lUCH01 _h0816 |
||
| 590 |
_aBATCH-UPD _b10 _c20130913 _lUCH01 _h2313 |
||
| 590 |
_aBATCH-UPD _b10 _c20130914 _lUCH01 _h1555 |
||
| 590 |
_aCONVERSION _b10 _c20130109 _lUCH01 _h1348 |
||
| 650 | 1 | 4 |
_aAgricultura _xAspectos económicos. |
| 650 | 1 | 4 |
_aEmpresas agropecuarias. _936649 |
| 650 | 1 | 4 |
_aEmpresas avícolas. _936650 |
| 650 | 1 | 4 |
_aNegocios _xPronósticos. _980699 |
| 650 | 1 | 4 |
_aProyectos _xEvaluación. _992525 |
| 700 | 0 | 0 |
_aAguilar Valdés, Alfredo. _92867 |
| 901 | _aBK | ||
| 905 | _aMayto Villallobos S. | ||
| 942 | _cLIBRO | ||
| 949 |
_a631 G87 _bBC _cLIBRO _d33724000876272 _eLIBRO _h102966 _i97825 _si _t$65.00 |
||
| 999 |
_c86310 _d86310 |
||